000 00652nam a22002172 4500
001 0000019785
005 20151217155903.0
008 110209s xx 000 0 eng d
020 _a9976911742 :
040 _aKABU
_cKABU
100 1 _aKineene wa Mutiso.
_@0000179748
245 1 0 _aUtenzi wa hamziyyah /
_cKineene wa Mutiso.
250 _a1st ed.
260 _aDar es Salaam :
_bChuo kikuu cha Dar es Salaam,
_c2005.
300 _a[14], 360 p.
650 0 _aIslamic poetry, swahili.
_@0000179749
700 1 _aKineene wa Mutiso.
_@0000179748
908 _a110209
950 _@1
999 _c13731
_d13731